00338nam a22001457a 4500003000400000005001700004008004100021020001800062040000900080082001400089100001600103245002800119260003400147300001100181OSt20260406145233.0260406b |||||||| |||| 00| 0 eng d a9789361130953 cLIRC a006.3 WAL aWalsh, Toby aShortest history of AI  aNew DelhibPanmacmillanc2025 a203 p.